Sports Quiz

Random Sports or NHL Quiz

NHL Top 5 Team Playoff Scoring Leaders Quiz Stats

Quiz Updated Mar 21, 2017

Challenge
Share
Tweet
Embed
Score 0/149 Timer 20:00
4 Plays Today
Team Player % Correct
Edmonton OilersWayne Gretzky
89.5%
Los Angeles KingsWayne Gretzky
89.5%
Edmonton OilersMark Messier
79.9%
New York RangersMark Messier
79.9%
Pittsburgh PenguinsMario Lemieux
79.4%
Chicago BlackhawksBobby Hull
79.1%
St. Louis BluesBrett Hull
79.1%
Boston BruinsBobby Orr
78.2%
Anaheim DucksTeemu Selanne
77.5%
Pittsburgh PenguinsJaromir Jagr
76.3%
Colorado AvalancheJoe Sakic
76%
Pittsburgh PenguinsSidney Crosby
75.5%
Detroit Red WingsSteve Yzerman
75.1%
Anaheim DucksCorey Perry
74.1%
Dallas StarsMike Modano
73.3%
Anaheim DucksRyan Getzlaf
73%
San Jose SharksJoe Thornton
72.2%
Colorado AvalanchePeter Forsberg
70.8%
Detroit Red WingsGordie Howe
70.5%
Vancouver CanucksHenrik Sedin
70.4%
Montreal CanadiensHenri Richard
69.4%
Pittsburgh PenguinsEvgeni Malkin
69.1%
Washington CapitalsAlexander Ovechkin
67.7%
Carolina HurricanesEric Staal
67.6%
Boston BruinsPhil Esposito
66%
Edmonton OilersJari Kurri
65.8%
Ottawa SenatorsDaniel Alfredsson
64.8%
New York IslandersMike Bossy
64.7%
Vancouver CanucksDaniel Sedin
64.4%
Chicago BlackhawksPatrick Kane
63%
Tampa Bay LightningVincent Lecavalier
62.7%
San Jose SharksPatrick Marleau
62.4%
Vancouver CanucksPavel Bure
61.6%
Boston BruinsRay Bourque
61.2%
Tampa Bay LightningMartin St. Louis
60.6%
Toronto Maple LeafsWendel Clark
59.7%
New Jersey DevilsPatrik Elias
59.2%
Detroit Red WingsNicklas Lidstrom
59.1%
Montreal CanadiensGuy Lafleur
59%
Philadelphia FlyersBobby Clarke
58.8%
Edmonton OilersPaul Coffey
58.7%
Chicago BlackhawksStan Mikita
58.5%
Minnesota WildZach Parise
58.2%
New Jersey DevilsScott Stevens
57.9%
Pittsburgh PenguinsKevin Stevens
57.9%
Arizona CoyotesShane Doan
57.4%
Toronto Maple LeafsMats Sundin
57.1%
Carolina HurricanesRon Francis
56.9%
New York IslandersBryan Trottier
56.4%
Florida PanthersScott Mellanby/Rob Niedermayer/Robert Svehla
55.3%
Team Player % Correct
Tampa Bay LightningBrad Richards
54.6%
Los Angeles KingsLuc Robitaille
54.6%
Ottawa SenatorsDany Heatley
54%
Anaheim DucksScott Niedermayer
53.5%
New Jersey DevilsScott Niedermayer
53.5%
Detroit Red WingsSergei Fedorov
53.2%
Detroit Red WingsHenrik Zetterberg
53.2%
Tampa Bay LightningTyler Johnson
53.1%
Ottawa SenatorsJason Spezza
52.6%
New York RangersBrian Leetch
51.6%
Calgary FlamesTheoren Fleury
51.4%
Ottawa SenatorsMartin Havlat/Marian Hossa
51%
Edmonton OilersGlenn Anderson
50.9%
Carolina HurricanesRod Brind'Amour
50.9%
Chicago BlackhawksDenis Savard
48.9%
Montreal CanadiensJean Beliveau
48.5%
Vancouver CanucksTrevor Linden
48.3%
Nashville PredatorsShea Weber
48.2%
New York IslandersDenis Potvin
48%
Calgary FlamesAl MacInnis
48%
St. Louis BluesAl MacInnis
48%
Colorado AvalancheMilan Hejduk
47.7%
St. Louis BluesDoug Gilmour
46.5%
Toronto Maple LeafsDoug Gilmour
46.5%
Washington CapitalsPeter Bondra
45.3%
Calgary FlamesJoe Nieuwendyk
45.2%
Minnesota WildMikko Koivu
44.6%
Arizona CoyotesDale Hawerchuk
44.2%
Winnipeg JetsNiclas Havelid/Ilya Kovalchuk/Brad Larsen/Mathieu Perreault/Drew Stafford/Mark Stuart/Jacob Trouba
43.6%
Buffalo SabresGilbert Perreault
43.6%
Arizona CoyotesKeith Tkachuk
43.5%
Dallas StarsBobby Smith
43.1%
San Jose SharksJoe Pavelski
42.9%
Columbus Blue JacketsJack Johnson
42.7%
Los Angeles KingsAnze Kopitar
42.7%
St. Louis BluesChris Pronger
41.7%
Los Angeles KingsJustin Williams
40.9%
Philadelphia FlyersJohn Leclair
40.5%
Minnesota WildMarian Gaborik
38.3%
Columbus Blue JacketsMatt Calvert/David Savard/R.J. Umberger
37.8%
Boston BruinsJohnny Bucyk
37.7%
Colorado AvalanchePeter Stastny
37.2%
Tampa Bay LightningNikita Kucherov
36.9%
Columbus Blue JacketsRyan Johansen
36.1%
Buffalo SabresRené Robert
35.3%
Montreal CanadiensLarry Robinson
35%
Nashville PredatorsDavid Legwand
34.2%
Winnipeg JetsKeith Tkachuk
33.5%
New Jersey DevilsScott Gomez
33.3%
Toronto Maple LeafsDarryl Sittler
33%
Team Player % Correct
Buffalo SabresRick Martin
32.2%
Philadelphia FlyersBill Barber
29.9%
Dallas StarsSergei Zubov
29%
Carolina HurricanesRay Whitney/Cory Stillman
29%
St. Louis BluesBernie Federko
28.4%
San Jose SharksDan Boyle
27.4%
Winnipeg JetsBryan Little
27.3%
New York RangersRod Gilbert
27.3%
Washington CapitalsDale Hunter
27.3%
New York IslandersClark Gillies
26.6%
Dallas StarsBrian Bellows
25.9%
Chicago BlackhawksSteve Larmer
25.3%
Los Angeles KingsDave Taylor
25%
Montreal CanadiensJacques Lemaire
23.6%
New Jersey DevilsJohn MacLean
23.3%
Arizona CoyotesPaul MacLean
23.3%
Nashville PredatorsMartin Erat
22.6%
Boston BruinsRick Middleton
22.5%
Dallas StarsNeal Broten
22.3%
Philadelphia FlyersBrian Propp
21.9%
Arizona CoyotesThomas Steen
21.7%
Anaheim DucksFrancois Beauchemin
21.5%
Washington CapitalsNicklas Backstrom
21.1%
Ottawa SenatorsWade Redden
20.2%
Winnipeg JetsAdam Lowry
19.8%
Toronto Maple LeafsDave Keon
19.8%
Philadelphia FlyersRick MacLeish
17.6%
Minnesota WildJason Pominville
17.4%
San Jose SharksLogan Couture
16.1%
Nashville PredatorsMike Fisher
16%
Columbus Blue JacketsBrandon Dubinsky
15.8%
Nashville PredatorsColin Wilson
15.4%
Buffalo SabresDanny Gare
14.8%
Vancouver CanucksGeoff Courtnall
14.5%
Carolina HurricanesKevin Dineen
12.8%
Colorado AvalancheSandis Ozolinsh
11.5%
Calgary FlamesJoel Otto
11.4%
Minnesota WildNino Niederreiter
9.6%
Florida PanthersRay Sheppard
8.4%
Washington CapitalsMike Ridley
8.3%
New York IslandersBob Bourne
7.6%
Buffalo SabresCraig Ramsay
6.5%
Florida PanthersDave Lowry
6.2%
Florida PanthersStu Barnes
5.5%
Columbus Blue JacketsBoone Jenner
5.5%
Calgary FlamesPaul Reinhart
4.4%
Winnipeg JetsPascal Dupuis
4.2%
New York RangersDon Maloney
3.4%
New York RangersWalt Tkaczuk
3%

You're not logged in!

Compare scores with friends on all Sporcle quizzes.
Join for Free
OR
Log In

You Might Also Like...

Show Comments

Extras

Top Quizzes Today


Score Distribution

Your Account Isn't Verified!

In order to create a playlist on Sporcle, you need to verify the email address you used during registration. Go to your Sporcle Settings to finish the process.

Report this User

Report this user for behavior that violates our Community Guidelines.

Details: